Estudios sobre la literatura chilena

Saved in:
Bibliografiske detaljer
Hovedforfatter: Cruz, Pedro Nolasco (autor)
Format: Bog
Sprog:spansk
Udgivet: Santiago Zamorano y Caperán 1926
Fag:
Tags: Tilføj Tag
Ingen Tags, Vær først til at tagge denne postø!

MARC

LEADER 00000nam a2200000 a 4500
001 UCQ6495
003 CL-VaPUC
008 981016e19260000CL |||||||||||||||||spa|d
082 0 4 |a Ch860.9  |b NOL  |2 21 
100 |a Cruz, Pedro Nolasco  |e autor  |9 438240 
245 1 0 |a Estudios sobre la literatura chilena 
300 |a v 
942 |c BK 
945 |d 19981016 00:00:00  |a crobeson 
260 |a Santiago  |b Zamorano y Caperán  |c 1926 
650 0 |a Literatura chilena   |9 308278 
650 0 |a Historia y crítica   |9 257407 
583 |a last modification  |c 19981016 00:00:00  |k Rodrigo Vera 
999 |c 276449  |d 276447 
952 |0 0  |1 0  |4 0  |6 CH_860_900000000000000_NOL_1926  |7 0  |8 A  |9 313683  |a BIBEDU  |b BIBEDU  |d 2019-11-20  |h v.1  |i 1482343  |o Ch860.9 NOL 1926  |p 1482343  |r 2019-11-20  |w 2019-11-20  |y BK  |k LIT